| 000 | 00426cam a2200181ua 4500 | ||
|---|---|---|---|
| 020 | _c7.50 | ||
| 041 |
_ahin _h |
||
| 082 |
_a891.54 _bPAN/SA |
||
| 100 | _aPanchakumari, . | ||
| 245 |
_aSamaj-manovijnan / _cPanchakumari. _hTextual Documents |
||
| 250 |
_a1 / _b. |
||
| 260 |
_aJaypur : _bPanchakumari M A , _c1958. |
||
| 300 | _a281 ; . | ||
| 365 | _a7.50 | ||
| 504 | _a | ||
| 942 | _cBK | ||
| 999 |
_c8469 _d8469 |
||